000 00237nam a22001097a 4500
082 _a669 SEV'G
100 _aKUZMIN, B SEVRYUKOV
_980672
245 _aGENERAL METALLURGY
260 _aMOSCOW
_bPEACE
_c1960
300 _a545P
942 _cBK
999 _c585570
_d585570